UNESCO World Heritage Sites of Italy by image - Statistics

General Stats
  • This quiz has been taken 51 times
  • The average score is 27 of 61
Answer Stats
Picture Answer % Correct
Venice and its Lagoon
95%
Historic Centre of Florence
93%
Historic Centre of Naples
81%
Historic Centre of Siena
81%
Piazza del Duomo, Pisa
81%
Mount Etna
79%
Archaeological Areas of Pompei, Herculaneum and Torre Annunziata
74%
Amalfi Coast
72%
Historic Centre of Rome, the Properties of the Holy See in that City Enjoying Extraterritorial Rights and San Paolo Fuori le Mura
72%
Portovenere, Cinque Terre, and the Islands (Palmaria, Tino and Tinetto)
70%
The Dolomites
67%
Archaeological Area of Agrigento
63%
City of Verona
63%
The Sassi and the Park of the Rupestrian Churches of Matera
60%
18th-Century Royal Palace at Caserta with the Park, the Aqueduct of Vanvitelli, and the San Leucio Complex
58%
The Trulli of Alberobello
58%
Arab-Norman Palermo and the Cathedral Churches of Cefalù and Monreale
56%
Castel del Monte
53%
The Porticoes of Bologna
53%
Church and Dominican Convent of Santa Maria delle Grazie with "The Last Supper" by Leonardo da Vinci
51%
Historic Centre of San Gimignano
51%
Padua's fourteenth-century fresco cycles
51%
Assisi, the Basilica of San Francesco and Other Franciscan Sites
49%
Ferrara, City of the Renaissance, and its Po Delta
49%
Syracuse and the Rocky Necropolis of Pantalica
49%
Via Appia. Regina Viarum
49%
Villa d'Este, Tivoli
49%
Botanical Garden, Padua
47%
Aeolian Islands
44%
Early Christian Monuments of Ravenna
44%
Villa Adriana, Tivoli
44%
Cilento and Vallo di Diano National Park with the Archeological sites of Paestum and Velia, and the Certosa di Padula
42%
Historic Centre of Urbino
42%
Late Baroque Towns of the Val di Noto (South-Eastern Sicily)
40%
Mantua and Sabbioneta
40%
Venetian Works of Defence between the 16th and 17th centuries: Stato da Terra – Western Stato da Mar
40%
City of Vicenza and the Palladian Villas of the Veneto
35%
Genoa: Le Strade Nuove and the system of the Palazzi dei Rolli
35%
Rhaetian Railway in the Albula / Bernina Landscapes
35%
Cathedral, Torre Civica and Piazza Grande, Modena
33%
Su Nuraxi di Barumini
33%
Ivrea, Industrial City of the 20th Century
30%
Residences of the Royal House of Savoy
30%
Val d'Orcia
30%
Etruscan Necropolises of Cerveteri and Tarquinia
28%
Archaeological Area and the Patriarchal Basilica of Aquileia
26%
Crespi d'Adda
26%
Historic Centre of the City of Pienza
26%
Prehistoric Pile dwellings around the Alps
26%
Longobards in Italy. Places of the power (568-774 A.D.)
23%
Medici Villas and Gardens in Tuscany
23%
Sacri Monti of Piedmont and Lombardy
23%
The Great Spa Towns of Europe
23%
The Prosecco Hills of Conegliano and Valdobbiadene
23%
Vineyard Landscape of Piedmont: Langhe-Roero and Monferrato
23%
Villa Romana del Casale
21%
Ancient and Primeval Beech Forests of the Carpathians and Other Regions of Europe
19%
Rock Drawings in Valcamonica
19%
Funerary Tradition in the Prehistory of Sardinia -The domus de janas
14%
Monte San Giorgio
14%
Evaporitic Karst and Caves of Northern Apennines
7%
No matching quizzes found
Score Distribution
Percent of People with Each Score
Percentile by Number Answered
Your Score History
You have not taken this quiz